000 00555nam a22001697a 4500
005 20251108164815.0
008 250721s1995 xx 000 0 ara d
082 1 4 _a861/لور
100 1 _aلوركا، فيديريكو غارثيا
245 1 0 _aشاعر في نيويورك :
_bشعر /
264 1 _aعمان :
_bأزمنه للنشر - دار إشراق للنشر،
_c1995.
300 _a134ص.
650 1 7 _aالشعر الإسباني
700 1 _aمجيد، حسين عبد الزهرة
_eترجمة
942 _2ddc
_cBK
999 _c14845
_d14845